Представление документа в формате MARC21

ПолеНазваниеЗначение
  Тип записи a
  Библиографический уровень m
001 Контрольный номер RU/URAIT/565034
005 Дата корректировки 20260429163605.0
008 Кодируемые данные 260429s2025 RU y f j 000 0 rus u
020 Индекс ISBN __
a ISBN 978-5-534-07488-8
c Цена, тираж 409.00
040 Источник каталогиз. __
a Служба первич. каталог. ИКО Юрайт
c Служба, преобразующая запись ИКО Юрайт
e Правила каталог. RCR
041 Код языка издания __
a Код языка текста rus
044 Код страны публикации __
a Код страны публикации RU
080 Индекс УДК __
a Индекс УДК 93:32
084 Индекс другой классификации/Индекс ББК __
2 Источник индекса rubbk
a Индекс другой классификации/Индекс ББК 63
100 Автор __
a Автор Спиноза Б.
q Полное имя Спиноза Бенедикт
245 Заглавие __
a Заглавие Политический трактат
b Продолж. заглавия - служебная - для во и спо
c Ответственность Б. Спиноза ; переводчик С. М. Роговин.
256 Характеристики компьютерного файла __
a Характеристики компьютерного файла Электрон. дан.
260 Выходные данные __
a Место издания Москва
b Издательство Юрайт
c Дата издания 2025
300 Физическое описание __
a Объем 110 с
440 Серия __
a Серия Антология мысли
500 Примечания __
a Примечание URL: https://urait.ru/bcode/565034 (дата обращения: 29.04.2026).
520 Аннотация __
a Аннотация Выдающийся философ Нового времени вслед за Аристотелем с его "Политикой" собрал свои мысли и взгляды на государственное устройство, систему права в трактате, написанном в 1675 году, но опубликованном посмертно в 1677 году. Спиноза описывает следующие формы правления — монархию, аристократию и демократию, не называя при этом, какая форма является более предпочтительной. В книге автор приводит блестящий анализ этической системы в связи с вопросами общественного устройства. Мыслитель рассматривает общие условия, которые всегда способны обеспечить процветание государства, а также свободное и безопасное существование людей; концепцию естественного права, права верховной власти и свободы.
538 Прим. о системных особенностях __
a Прим. о системных особенностях Режим доступа: Электронно-библиотечная система Юрайт, для авториз. пользователей
653 Ключевые слова __
a Ключевые слова Политология. Обществознание
653 Ключевые слова __
a Ключевые слова Общественные науки
653 Ключевые слова __
a Ключевые слова История зарубежной философии
653 Ключевые слова __
a Ключевые слова История политических учений
653 Ключевые слова __
a Ключевые слова История философии
653 Ключевые слова __
a Ключевые слова История политических и правовых учений
653 Ключевые слова __
a Ключевые слова История западной философии
653 Ключевые слова __
a Ключевые слова Зарубежная философия
653 Ключевые слова __
a Ключевые слова История философии как наука
653 Ключевые слова __
a Ключевые слова История правовых и политических учений
653 Ключевые слова __
a Ключевые слова История философских понятий
653 Ключевые слова __
a Ключевые слова История философских учений
700 Другие авторы __
a Другие авторы Роговин С. М.
q Полное имя Роговин Семен Миронович
856 Электронный адрес документа 40
n Местонахождение сервера Юрайт
g Электронная книга
q Тип электронного формата html
h Имя пользователя ЮРАЙТ
v Часы доступа к ресурсу 20271231
2 Способ доступа Показать документ
x Служебное примечание https://urait.ru/book/cover/1BF70F53-3FFB-433F-B1FC-1BCC93D9FEFC
u URL https://urait.ru/bcode/565034
856 Электронный адрес документа 48
q Тип электронного формата cover
u URL https://urait.ru/book/cover/1BF70F53-3FFB-433F-B1FC-1BCC93D9FEFC
911 __
u 0030=https://urait.ru/bcode/565034
911 __
u 073a=9785534074888
u 073d=409.00
911 __
u 106a=s
911 __
u 900l=
952 Тип литературы __
i Дисциплина История зарубежной философии
952 Тип литературы __
i Дисциплина История политических учений
952 Тип литературы __
i Дисциплина История философии
952 Тип литературы __
i Дисциплина История политических и правовых учений
952 Тип литературы __
i Дисциплина История западной философии
952 Тип литературы __
i Дисциплина Зарубежная философия
952 Тип литературы __
i Дисциплина История философии как наука
952 Тип литературы __
i Дисциплина История правовых и политических учений
952 Тип литературы __
i Дисциплина История философских понятий
952 Тип литературы __
i Дисциплина История философских учений